Traduction en Anglais - Thème Fruits, Légumes & Aromates - Statistiques

Statistiques générales
  • Ce quiz a été pris 68 fois
  • Le résultat moyen est 49 sur 144
Statistiques - réponses
Français Anglais % Correct
Ananas Pineapple
93%
Banane Banana
89%
Abricot Apricot
84%
Avocat Avocado
84%
Carotte Carrot
84%
Citron Lemon
82%
Cerise Cherry
78%
Ail Garlic
76%
Fraise Strawberry
76%
Champignon Mushroom
75%
Basilic Basil
73%
Kiwi Kiwi
71%
Pomme Apple
67%
Miel Honey
67%
Melon Melon
67%
Cacahuète Peanut
67%
Amande Almond
65%
Brocoli Broccoli
65%
Maïs Corn
65%
Oignon Onion
65%
Pêche Peach
65%
Concombre Cucumber
64%
Pâtes Pasta
64%
Riz Rice
64%
Épinard Spinach
64%
Mangue Mango
62%
Moutarde Mustard
62%
Citrouille Pumpkin
62%
Haricot Bean
60%
Cannelle Cinnamon
60%
Citron vert Lime
60%
Curry Curry
58%
Poivre Pepper
58%
Oignon rouge Red onion
58%
Tomate Tomato
58%
Noix Nut
56%
Poire Pear
56%
Vanille Vanilla
56%
Noix de coco Coconut
55%
Myrtille Blueberry
53%
Couscous Couscous
53%
Cumin Cumin
53%
Raisin Grape
51%
Olive Olive
51%
Framboise Raspberry
51%
Gingembre Ginger
49%
Menthe Mint
47%
Paprika Paprika
47%
Pommes de terre Potatoes
47%
Aubergine Eggplant
45%
Olive verte Green olive
45%
Laitue Lettuce
45%
Oregano Oregano
45%
Wasabi Wasabi
45%
Mûre Blackberry
42%
Papaye Papaya
42%
Quinoa Quinoa
42%
Haricot rouge Red bean
42%
Durian Durian
40%
Figue Fig
40%
Patate douce Sweet potato
40%
Kumquat Kumquat
38%
Lavande Lavender
36%
Courgette Zucchini
35%
Asperge Asparagus
33%
Chou-fleur Cauliflower
33%
Noix de pécan Pecan nut
33%
Piment Pepper
33%
Artichaut Artichoke
31%
Olives noires Black olives
31%
Tomate cerise Cherry tomato
31%
Nectarine Nectarine
31%
Mandarine Tangerine
31%
Coriandre Coriander
29%
Noix de macadamia Macadamia nut
29%
Petit pois Peas
29%
Rutabaga Rutabaga
29%
Soja Soy
29%
Clémentine Clementine
27%
Noisette Hazelnut
27%
Pois Peas
27%
Zeste Zest
27%
Radis Radish
25%
Betterave Beetroot
24%
Chou Cabbage
22%
Dattes Dates
22%
Endive Endive
20%
Pamplemousse Grapefruit
20%
Haricot vert Green beans
20%
Truffe Truffle
20%
Chou de Bruxelles Brussels sprouts
18%
Cardamome Cardamom
18%
Prune Plum
18%
Haricot blanc White beans
18%
Châtaigne Chestnut
16%
Thym Thyme
16%
Vinaigre balsamique Balsamic vinegar
15%
Cassis Blackcurrant
15%
Poireau Leek
15%
Lentilles Lentils
15%
Goyave Guava
13%
Salade Lettuce
13%
Navet Turnip
13%
Celeri Celery
11%
Flocons d'avoine Oat flakes
11%
Romarin Rosemary
11%
Poivron Bell pepper
9%
Citronnelle Lemongrass
9%
Persil Parsley
9%
Pomme grenade Pomegranate
9%
Potiron Pumpkin
9%
Sauge Sage
9%
Pois chiches Chickpeas
7%
Litchi Lychee
7%
Noix de cajou Cashew nut
5%
Ciboulette Chive
5%
Fenouil Fennel
5%
Salsifis Salsify
5%
Courge Squash
5%
Orge Barley
4%
Clou de girofle Clove
4%
Aneth Dill
4%
Chou-rave Kohlrabi
4%
Curcuma Turmeric
4%
Orgeat Almond syrup
2%
Laurier Bay leaf
2%
Sarrasin Buckwheat
2%
Manioc Cassava
2%
Cornichon Gherkin
2%
Groseille Gooseberry
2%
Mâche Lamb's lettuce
2%
Mélisse Lemon balm
2%
Mangoustan Mangosteen
2%
Muscade Nutmeg
2%
Panais Parsnip
2%
Kaki Persimmon
2%
Safran Saffron
2%
Semoule Semolina
2%
Tomates séchées Sun-dried tomatoes
2%
Tamarin Tamarind
2%
Estragon Tarragon
2%
Céleri-rave Celeriac
0%
Fève Fava beans
0%
Blette Swiss chard
0%
Aucun quiz correspondant
Distribution des résultats
% des personnes avec chaque résultat
Percentile par nombre de réponses
Votre historique - résultats
Vous n’avez pas pris ce quiz